Valuers, Appraisers and Estate Agents Act 1981 (Act 242) & rules : (as at 15th Mac 1999)

Bibliographic Details
Corporate Author: Legal Research Board
Format: Book
Language:English
Published: Kuala Lumpur : International Law Book Services 1999
Subjects:

MARC

LEADER 00000cam a2200000 7i4500
001 0000007016
005 20241001.0
008 000216 my eng
020 |a 9678909901 (pbk) 
040 |a INS   |b eng   |e rda 
090 0 0 |a KPG658.A311981   |b .M35 1999 
110 1 |a Malaysia   |e jurisdiction governed 
245 1 0 |a Valuers, Appraisers and Estate Agents Act 1981 (Act 242) & rules :   |b (as at 15th Mac 1999)   |c compiled by Legal Research Board 
264 1 |a Kuala Lumpur :   |b International Law Book Services   |c 1999 
300 |a 126 pages ;   |c 25 cm. 
336 |a text  |2 rdacontent 
337 |a unmediated  |2 rdamedia 
338 |a volume  |2 rdacarrier 
650 0 |a Estates(Law)   |z Malaysia 
650 0 |a Valuation   |x Law and legislation   |z Malaysia 
710 2 |a Legal Research Board 
999 |a 0000007665   |b BOOK   |c Acts   |e Default branch